Statistics for ポケモンSVで入手できるきのみ一覧

Click here to take the quiz!

General Stats

  • This quiz has been taken 23 times
  • The average score is 21 of 48

Answer Stats

HintAnswer% Correct
戦闘中にHPが1/2以下になった時、HPを10回復する。オレンのみ
95%
ポケモンに持たせると、戦闘中にHPが最大HPの1/2以下になった時、最大HPの1/4回復する。オボンのみ
95%
持たせると戦闘中やけど状態になったとき回復する。チーゴのみ
84%
持たせると戦闘中どく・もうどく状態になったとき回復する。モモンのみ
79%
持たせると戦闘中状態異常やこんらんになったとき回復する。ラムのみ
79%
持たせると戦闘中ねむり状態になったとき回復する。カゴのみ
79%
持たせると戦闘中まひ状態になったとき回復する。クラボのみ
74%
持たせると戦闘中こんらん状態になった時回復する。キーのみ
74%
ポケモンに持たせると戦闘中にPPが0になったわざのPPを10回復する。ヒメリのみ
63%
効果抜群のほのおわざを受けた時、1度だけダメージを1/2にする。オッカのみ
63%
持たせると残りHPが1/4以下となったときに消費して、こうげきが1段階あがる。チイラのみ
53%
持たせると戦闘中こおり状態になったとき回復する。ナナシのみ
53%
戦闘中にHPが1/4以下になったとき、1/3を回復するが、からい味が嫌いだとこんらんする。フィラのみ
53%
効果抜群のみずわざを受けた時、1度だけダメージを1/2にする。イトケのみ
53%
効果抜群のこおりわざを受けた時、1度だけダメージを1/2にする。ヤチェのみ
47%
持たせると残りHPが1/4以下となったときに消費して。こうげき・ぼうぎょ・とくこう・とくぼう・すばやさの内いずれか1つが2段階あがる。スターのみ
47%
戦闘中にHPが1/4以下になったとき、1/3を回復するが、あまい味が嫌いだとこんらんする。マゴのみ
47%
なかよし度を上げ、こうげきの努力値を10下げる。ネコブのみ
47%
効果抜群のかくとうわざを受けた時、1度だけダメージを1/2にする。ヨプのみ
47%
ノーマルタイプの攻撃技を受けた時、1度だけダメージを1/2にする。ホズのみ
42%
効果抜群のドラゴンわざを受けた時、1度だけダメージを1/2にする。ハバンのみ
42%
なかよし度を上げ、すばささの努力値を10下げる。マトマのみ
42%
戦闘中にHPが1/4以下になったとき、1/3を回復するが、すっぱい味が嫌いだとこんらんする。イアのみ
42%
効果抜群のでんきわざを受けた時、1度だけダメージを1/2にする。ソクノのみ
42%
持たせると物理技を受けた直後にぼうぎょが1段階あがる。アッキのみ
42%
持たせると残りHPが1/4以下となったときに消費して、とくこうが1段階あがる。ヤタピのみ
37%
効果抜群のじめんわざを受けた時、1度だけダメージを1/2にする。シュカのみ
37%
効果抜群のくさわざを受けた時、1度だけダメージを1/2にする。リンドのみ
37%
戦闘中にHPが1/4以下になったとき、1/3を回復するが、しぶい味が嫌いだとこんらんする。ウイのみ
37%
なかよし度を上げ、とくこうの努力値を10下げる。ロメのみ
37%
効果抜群のひこうわざを受けた時、1度だけダメージを1/2にする。バコウのみ
32%
効果抜群のフェアリーわざを受けた時、1度だけダメージを1/2にする。ロゼルのみ
32%
戦闘中にHPが1/4以下になったとき、1/3を回復するが、にがい味が嫌いだとこんらんする。バンジのみ
32%
持たせると残りHPが1/4以下となったときに消費して、とくぼうが1段階あがる。ズアのみ
32%
持たせると残りHPが1/4以下となったときに消費して、すばやさが1段階あがる。カムラのみ
32%
持たせると特殊技を受けた直後にとくぼうが1段階あがる。タラプのみ
26%
持たせると残りHPが1/4以下となったときに消費して、きゅうしょアップ状態になる。サンのみ
26%
なかよし度を上げ、HPの努力値を10下げる。ザロクのみ
26%
なかよし度を上げ、ぼうぎょの努力値を10下げる。タポルのみ
26%
持たせると残りHPが1/4以下となったときに消費して、ぼうぎょが1段階あがる。リュガのみ
26%
効果抜群のはがねわざを受けた時、1度だけダメージを1/2にする。リリバのみ
26%
なかよし度を上げ、とくぼうの努力値を10下げる。ウブのみ
26%
効果抜群のゴーストわざを受けた時、1度だけダメージを1/2にする。カシブのみ
26%
効果抜群のいわわざを受けた時、1度だけダメージを1/2にする。ヨロギのみ
26%
効果抜群のあくわざを受けた時、1度だけダメージを1/2にする。ナモのみ
21%
効果抜群のむしわざを受けた時、1度だけダメージを1/2にする。タンガのみ
21%
効果抜群のエスパーわざを受けた時、1度だけダメージを1/2にする。ウタンのみ
21%
効果抜群のどくわざを受けた時、1度だけダメージを1/2にする。ビアーのみ
11%

Score Distribution

Percentile by Number Answered

Percent of People with Each Score

Your Score History

You have not taken this quiz